| Tag |
First Indicator |
Second Indicator |
Subfields |
| LEADER |
00000cam a2200000 i 4500 |
| 001 |
in00005658191 |
| 006 |
m o d |
| 007 |
cr cnu---unuuu |
| 008 |
240812t20252025nyua ob 001 0 eng |
| 005 |
20250810211304.2 |
| 010 |
|
|
|a 2024031544
|
| 035 |
|
|
|a (OCoLC)on1485656345
|
| 040 |
|
|
|a DLC
|b eng
|e rda
|c DLC
|d OCLCO
|d LE#
|d TEFOD
|d CLOUD
|d UKMGB
|d YDX
|d OCLCO
|d N$T
|d EBLCP
|
| 019 |
|
|
|a 1505735106
|
| 020 |
|
|
|a 9781541619609 (electronic bk.)
|
| 020 |
|
|
|a 1541619609
|q electronic book
|
| 020 |
|
|
|a 9781399827928
|q electronic book
|
| 020 |
|
|
|a 1399827928
|q electronic book
|
| 020 |
|
|
|z 9781541619593
|q hardcover
|
| 020 |
|
|
|z 9781399827904
|
| 020 |
|
|
|z 9781399827911
|
| 024 |
8 |
|
|a CIPO000206111
|
| 035 |
|
|
|a (OCoLC)1485656345
|z (OCoLC)1505735106
|
| 037 |
|
|
|a 6261C5FD-1306-4058-9CD2-9840F694F0E1
|b OverDrive, Inc.
|n http://www.overdrive.com
|
| 042 |
|
|
|a pcc
|
| 050 |
0 |
4 |
|a HD45
|b .B393 2025
|
| 082 |
0 |
0 |
|a 658.5/14
|2 23/eng/20250118
|
| 100 |
1 |
|
|a Becker, Adam,
|d 1984-
|e author.
|1 https://id.oclc.org/worldcat/entity/E39PBJwtgQyJgJbt88jH4Yk7HC
|
| 245 |
1 |
0 |
|a More everything forever :
|b AI overlords, space empires, and Silicon Valley's crusade to control the fate of humanity /
|c Adam Becker.
|
| 250 |
|
|
|a First edition.
|
| 264 |
|
1 |
|a New York :
|b Basic Books,
|c 2025.
|
| 264 |
|
4 |
|c ©2025
|
| 300 |
|
|
|a 1 online resource :
|b illustrations
|
| 336 |
|
|
|a text
|b txt
|2 rdacontent
|
| 337 |
|
|
|a computer
|b c
|2 rdamedia
|
| 338 |
|
|
|a online resource
|b cr
|2 rdacarrier
|
| 504 |
|
|
|a Includes bibliographical references and index.
|
| 520 |
|
|
|a "Tech billionaires have decided that they should determine our futures for us. According to Elon Musk, Jeff Bezos, Sam Altman, and more, the only good future for humanity is one powered by technology: trillions of humans living in space, functionally immortal, served by superintelligent AIs. In More Everything Forever, science writer Adam Becker investigates these wildly implausible and often profoundly immoral visions of tomorrow-and shows why, in reality, there is no good evidence that they will, or should, come to pass. Nevertheless, these obsessions fuel fears that overwhelm reason-for example, that a rogue AI will exterminate humanity-at the expense of essential work on solving crucial problems like climate change. What's more, these futuristic visions cloak a hunger for power under dreams of space colonies and digital immortality. The giants of Silicon Valley claim that their ideas are based on science, but the reality is darker: they come from a jumbled mix of shallow futurism and racist pseudoscience. More Everything Forever exposes the powerful and sinister ideas that dominate Silicon Valley, challenging us to see how foolish, and dangerous, these visions of the future are"--
|c Provided by publisher.
|
| 588 |
|
|
|a Description based on online resource; title from digital title page (viewed on May 23, 2025).
|
| 650 |
|
0 |
|a Technological innovations.
|
| 650 |
|
0 |
|a Technological forecasting.
|
| 650 |
|
0 |
|a Artificial intelligence.
|
| 650 |
|
6 |
|a Innovations.
|
| 650 |
|
6 |
|a Intelligence artificielle.
|
| 650 |
|
6 |
|a Prévision technologique.
|
| 650 |
|
7 |
|a artificial intelligence.
|2 aat
|
| 650 |
|
7 |
|a Entrepreneurship.
|2 bisacsh
|
| 650 |
|
7 |
|a Computers & Information Technology.
|2 bisacsh
|
| 650 |
|
7 |
|a Industries.
|2 bisacsh
|
| 650 |
|
7 |
|a BUSINESS & ECONOMICS.
|2 bisacsh
|
| 650 |
|
7 |
|a SCIENCE.
|2 bisacsh
|
| 650 |
|
7 |
|a History.
|2 bisacsh
|
| 650 |
|
7 |
|a TECHNOLOGY & ENGINEERING.
|2 bisacsh
|
| 655 |
|
0 |
|a Electronic books.
|
| 776 |
0 |
8 |
|i Print version:
|a Becker, Adam, 1984-
|t More everything forever
|d New York : Basic Books, 2025
|z 9781541619593
|w (DLC) 2024031543
|
| 852 |
8 |
|
|b POD
|z This title is available for the library to purchase for your use. Click the "Purchase It For Me" button to place a request. This item will take 5-10 business days to arrive.
|
| 955 |
|
|
|a Ebook POD title
|
| 961 |
|
|
|m 565731
|
| 999 |
f |
f |
|s 2f8eb1cd-e7d0-4a64-90b5-98df9cdc0139
|i a9970a3a-d7a5-4c22-b7e1-af4f2d8150a7
|t 0
|
| 952 |
f |
f |
|a Texas A&M University
|b College Station
|c Sterling C. Evans Library
|d Purchase on Demand
|t 0
|e HD45 .B393 2025
|h Library of Congress classification
|
| 998 |
f |
f |
|a HD45 .B393 2025
|t 0
|l Purchase on Demand
|